Les groupes de Ligue des Champions 2022-2023 - Statistiques

Statistiques générales
  • Ce quiz a été pris 70 fois
  • Le résultat moyen est 20 sur 32
Statistiques - réponses
Hint Réponse % Correct
2ème PSG
97%
2ème Inter Milan
93%
1er Manchester City
93%
1er Benfica
92%
2ème AC Milan
90%
1er Real Madrid
88%
1er Bayern Munich
87%
3ème Juventus
87%
2ème Liverpool
87%
1er Chelsea
83%
4ème Marseille
83%
2ème Dortmund
80%
1er Tottenham
80%
1er Naples
75%
4ème Atlético Madrid
72%
3ème FC Barcelone
72%
3ème Ajax Amsterdam
62%
1er FC Porto
62%
2ème RB Leipzig
57%
4ème Maccabi Haifa
53%
3ème Bayer Leverkusen
43%
4ème Celtic
40%
2ème Eintracht Francfort
40%
4ème Rangers
40%
3ème FC Séville
37%
3ème RB Salzburg
33%
4ème Copenhague
32%
4ème Plzen
27%
2ème Club Bruges
22%
3ème Shakhtar Donetsk
20%
4ème Dinamo Zagreb
18%
3ème Sporting CP
17%
Aucun quiz correspondant
Distribution des résultats
% des personnes avec chaque résultat
Percentile par nombre de réponses
Votre historique - résultats
Vous n’avez pas pris ce quiz